El enigma de París/ (Registro nro. 3323)
[ vista simple ]
| 000 -LEADER | |
|---|---|
| fixed length control field | 01201nam a2200193 a 4500 |
| 008 - CAMPO DE CONTROL (LIBRO) | |
| fixed length control field | 180205e2016 ag ||||g |||| 00| 0 spa d |
| 020 ## - INTERNATIONAL STANDARD BOOK NUMBER | |
| ISBN | 9789875803237 |
| 041 ## - CODIGO DE IDIOMA | |
| Código de idioma del texto/pista de sonido o título separado | spa |
| 092 ## - SIGNATURA TOPOGRAFICA DEWEY LOCAL | |
| número de clasificación | 808 |
| libristica | 15 |
| sección | DES |
| 100 #1 - ENTRADA PRINCIPAL--NOMBRE PERSONAL | |
| Nombre personal | De Santis, Pablo |
| 9 (RLIN) | 2949 |
| 245 #3 - TITULO PROPIAMENTE DICHO | |
| Título | El enigma de París/ |
| Mención de responsabilidad y remanente de la transcripción de la portada | Pablo De Santis |
| 250 ## - MENCION DE EDICION | |
| Mención de edición | 9a ed. |
| 260 ## - PIE DE IMPRENTA | |
| Lugar de publicación, distribución, etc | Buenos Aires: |
| Nombre de la editorial, distribuidor, etc | Booket; |
| Fecha de publicación | 2016. |
| 300 ## - DESCRIPCION FISICA | |
| Extension | 288 p. |
| Dimensiones | 19x13 cm |
| 500 ## - NOTA GENERAL | |
| Nota general | De Santis, P. (2016). El enigma de París. (9a ed.). Buenos Aires : Booket. |
| 505 ## - NOTA DE CONTENIDO | |
| Nota de contenido formateada | París 1889. Los Doce Detectives, los investigadores más famosos del mundo, se reúnen con motivo de la Exposición Universal. El selecto club tiene la misión de revelar al público sus casos más célebres, los métodos secretos, la filosofía de cada investigación y su concepción del crimen. La extraña muerte de uno de los Doce, despeñado misteriosamente desde una torre Eiffel en construcción, dará un giro a la reunión y les obligará a afinar sus habilidades para tratar de resolver lo que parece, a priori, la actuación de un asesino en serie. El lector quedará fascinado por la belleza del enigma en esta novela cargada de magnetismo. |
| 655 ## - MATERIA - GENERO/FORMA | |
| Género/Forma | Literatura |
| -- | 2917 |
| 942 ## - ADDED ENTRY ELEMENTS (KOHA) | |
| Source of classification or shelving scheme | Dewey Decimal Classification |
| Item type | LITERATURA |
| Estado de retiro | Existencia | Fuente de clasificación | Estado general | No para prestamo | Ubicación permanente | ubicación actual | Sala de ubicación | Fecha de adquisición | Fuente de adquisición | Total Checkouts | Número de clasificación | Código de barras | Date last seen | Número de ejemplar | Price effective from | Koha tipo de elemento (item) | Public note | Coded location qualifier |
|---|---|---|---|---|---|---|---|---|---|---|---|---|---|---|---|---|---|---|
| Dewey Decimal Classification | Biblioteca Medicina | Biblioteca Medicina | Circulación | 26/05/2026 | Donación Mayo 2026 | 808 15 DES | 5166 | 26/05/2026 | Ej. 1 | 26/05/2026 | LITERATURA | Donación Mayo 2026. Sede Tordos. |